LEADER 01368nam a2200313 a 4500 001 000000169243 003 CaOOAMICUS 005 20180918114132.0 008 180918s1968 it u000 u ita r 032 $aLibriCat 040 $aPUL$bita 041 0 $aita$alat$hlat 100 1 $aOvidius Naso, Publius,$d43 a.C.-17/18 d. C.$0(OLS)http://pul/name/4714 240 10$aMetamorphoses.$lItaliano e latino.$0(OLS)http://pul/title/164100 245 13$aLe Metamorfosi /$cOvidio Nasone ; testo latino e traduzione in versi italiani di Ferruccio Bernini. 260 $aBologna :$bZanichelli,$c1968. 300 $a2 v. ;$c20 cm. 490 1 $aPoeti di Roma 546 $aTesto latino a fronte. 700 1 $aBernini, Ferruccio.$0(OLS)http://pul/name/56392 830 0$aPoeti di Roma.$0(OLS)http://pul/title/18025 850 $aPUL 852 $aPUL$W1$xDP1 Fondo Dalla Palma$y117$m9 D 56.1$j192389$bv. 1$qFondi$B197221$CPULBib$Z2$F197221 $HDal839 $81 852 $aPUL$W1$xDP1 Fondo Dalla Palma$y117$m9 D 56.2$j192390$bv. 2$qFondi$B197222$CPULBib$Z2$F197222 $HDal840 $81 900 $aOvidio Nasone, Publio,$d43 a.C.-17/18 d.C.$94714 941 1 $a1 996 $6245$aLe Metamorfosi$9(OLS)http://pul/title/132002 996 $6260$aBologna :$bZanichelli$9(OLS)http://pul/publisher/48255 LEADER 01713nam a2200385 a 4500 001 000000148038 003 CaOOAMICUS 005 20151210092829.0 008 151210s2015 it u000 u ita r 020 $a978-88-6689-735-4* 032 $aLibriCat 040 $aPUL$bita 082 $a348.45 110 1 $aItalia.$0(OLS)http://pul/name/1188 240 10$aCodice tributario (2015).$0(OLS)http://pul/title/186796 245 10$aCodice tributario /$cGiuseppe Di Dio, Attilio Pezzinga. 250 $a60. ed. 260 $aPiacenza :$bLa tribuna,$cİ2015. 300 $a2460 p. ;$c19 cm. 490 1 $aCodici vigenti 2015 500 $aSulla cop.: Aggiornato con i Decreti di attuazione della Delega fiscale (Decreti Legislativi n. 156, 158 e 159 del 24 settembre 2015). 500 $aTesto su due colonne. 500 $aSul front.: Sul front.: Con Cd-Rom allegato contenente tutta l'area tematica "tributario" della banca dati Jus&Lex. 650 4$aDiritto tributario$zItalia.$0(OLS)http://pul/subject/18167 700 1 $aDi Dio, Giuseppe,$d1961-$0(OLS)http://pul/name/45471 700 1 $aPezzinga, Attilio.$0(OLS)http://pul/name/45472 830 0$aCodici vigenti 2015.$0(OLS)http://pul/title/181748 850 $aPUL 852 $aPUL$W1$xDP2 Diritto e Scienze Sociali 3$y110$m348. 45 COD 3.1.62$j170809$qDDC 21$B171859$CPULBib$Z2$F171859 $H126759 $81 941 1 $a9 996 $6020$a978-88-6689-735-4*$9(OLS)http://pul/number/159225 996 $6082$a348.45$9(OLS)http://pul/classification/373 996 $6245$aCodice tributario$9(OLS)http://pul/title/145280 996 $6260$aPiacenza :$bLa tribuna$9(OLS)http://pul/publisher/62750